00333nam a2200109Ia 4500008004100000082002000041100001800061245003300079260004200112300000900154650006000163211119s9999||||xx |||||||||||||| ||und|| a891.436 bGUP-S aGupta, Mukesh 0aSamanya Avam Dainik Vinjnjan bRavi Book DistributionsaJaypurc2007 a204p aHindi LiteraturevHindi LettersGeneraliaxGeneral Stack